000 00706nam a2200241Ia 4500
003 OSt
005 20221005120314.0
006 a|||||r|||| 00| 0
007 ta
008 221004b |||||||| |||| 00| 0 eng d
024 _a66795
037 _cTextual
040 _aCRL
_cCRL
_beng
041 _2eng
_aeng
082 _aV58:8-19:N35<-N22, 121J3.5-.6
110 _aItaly, Affairs Esteri (Minister O Degli)
_9628969
245 0 _aDocumenti Diplomatici Italiani
_b Settima serie
260 _c1953
650 _aHISTORY
700 _aItaly, Affairs Esteri (Minister O Degli)
_9628970
942 _hV58:8-19:N35<-N22, 121J3.5-.6
_cTEXL
_2cc
999 _c1037604
_d1037604